Mesa revuelta (Record no. 162151)

MARC details
000 -LEADER
campo de control de longitud fija 01044nam a22002055i 4500
001 - NÚMERO DE CONTROL
campo de control 162151
003 - IDENTIFICADOR DE NÚMERO DE CONTROL
campo de control ES-MaACL
005 - FECHA Y HORA DE LA ÚLTIMA TRANSACCIÓN
campo de control 20250930063142.0
008 - DATOS DE LONGITUD FIJA--INFORMACIÓN GENERAL
campo de control de longitud fija 020430s1875 sp |||| | spa d
040 ## - FUENTE DE CATALOGACIÓN
Centro catalogador/agencia de origen CAM
Lengua de catalogación spa
Centro/agencia transcriptor CAM
100 0# - ENTRADA PRINCIPAL--NOMBRE DE PERSONA
Nombre de persona Pina, Mariano,
Fechas asociadas al nombre 1820-1883
9 (RLIN) 92066
245 10 - MENCIÓN DEL TÍTULO
Título Mesa revuelta
Resto del título : sainete lírico-bailable /
Mención de responsabilidad, etc. original de Mariano Pina ; música del maestro Aceves.
260 ## - PUBLICACIÓN, DISTRIBUCIÓN, ETC.
Lugar de publicación, distribución, etc. Madrid :
Nombre del editor, distribuidor, etc. [s.n.],
Fecha de publicación, distribución, etc. 1875 (
Fabricante Imprenta de José Rodríguez)
300 ## - DESCRIPCIÓN FÍSICA
Extensión 32 p. ;
Dimensiones 19 cm.
500 ## - NOTA GENERAL
Nota general En port.: Representado por primera vez en Madrid en el Teatro de la Comedia el 23 de diciembre de 1875.
596 ## - NOTA AL PIE DE IMPRENTA
NOTA AL PIE DE IMPRENTA Al v. de port. consta : "... Administración Lírico-Dramática de Eduardo Hidalgo..."
700 1# - ENTRADA AGREGADA--NOMBRE PERSONAL
Nombre de persona Aceves, Rafael.
9 (RLIN) 125537
852 ## - LOCALIZACIÓN
Ubicación ES-MaACL
Número de control de estantería F-8584(4)
Nota libre -- Enc. pasta española
condición física -- Falto de la cub. original
Nota libre -- Enc. en un vol. facticio formando parte de la col. facticia "Teatro español moderno", vol. 37
-- .- En anteport. firma manuscrita de Gustavo Saenz Diez, 1878
Holdings
Estatus retirado Estado de pérdida Estado de daño No para préstamo Colección Biblioteca de origen Biblioteca actual Ubicación en estantería Fecha de adquisición Total de préstamos Signatura topográfica completa Código de barras Visto por última vez Precio de reemplazo Tipo de ítem Koha
        Libros del s. XIX Biblioteca del Ateneo de Madrid Biblioteca del Ateneo de Madrid Sala Pecera Planta 2 17/01/2008   F-8584(4) 1169871 23/02/2023 23/02/2023 Libro impreso antiguo